| 000 | 00893nam a2200265 a 4500 | ||
|---|---|---|---|
| 001 | 58219 | ||
| 003 | BD-RjUL | ||
| 005 | 20211209080610.0 | ||
| 008 | 161217s2000 ii b 001 0 eng d | ||
| 020 | _a8171009344 | ||
| 035 | _a(BD-RjUL)58343 | ||
| 040 |
_aBD-RjUL _beng _cBD-RjUL _dBD-RjUL |
||
| 041 | _aeng | ||
| 082 |
_223 _a320.9595 _bMAL 2000 |
||
| 245 | 0 | 0 |
_aMalaysia : _bgovernment and politics / _cedited by Verinder Grover. |
| 260 |
_aNew Delhi : _bDeep & Deep Publications, _cc2000. |
||
| 300 |
_axii, 723 p. ; _c23 cm. |
||
| 490 |
_aGovernment and politics of Asian countries ; _v8 |
||
| 504 | _aIncludes index and bibliography | ||
| 651 | 0 |
_aMalaysia _xPolitics and government. _9172937 |
|
| 651 | 0 |
_aMalaysia _xForeign economic relations. _9172938 |
|
| 700 | 1 | 0 |
_aGrover, Verinder. _9171767 |
| 830 | 0 |
_aGovernment and politics of Asian countries ; _v8 _9173770 |
|
| 942 |
_2ddc _cBK |
||
| 999 |
_c58219 _d58219 |
||